000 00510nam a2200121 4500
999 _c11219
_d11219
008 181017b ||||| |||| 00| 0 eng d
082 _aDPer 959.9048 P53p May 2013- April 2014 v. 22-23
245 _aForeign policy:
_bexpanding areas of cooperation and solidarity of the Singapore-Philippine relations.
260 _aSan Miguel, Manila :
_bOP-Bureau of Communications Services,
_c©May 2013-©Apr 2014.
300 _av23 n2, pages 63-65;
_c23 cm.
650 0 _932288
_aInternational relations.
942 _2ddc
_cPER